• 首页
  • 本馆介绍
  • 公告通知
  • 最新文献
  • 馆藏检索
  • 电子资源
  • 读者导购
  • 参考咨询
  • 我的图书馆
  • 登录
  • 详细信息显示
  • 放入我的书架
  • 预约/预借图书
  • 作者相关作品
  • 分类相关作品
  • 丛书相关作品
  • 出版社相关作品

书目信息

  • 表格格式
  • 工作单格式
  • 卡片格式
题名:
论美国的民主
    
 
作者: 托克维尔 著 ;江菲菲 译
分册: 下  
出版信息: 北京   北京时代华文书局  2018
页数: 369页
开本: 21cm
丛书名:
单 册:
中图分类: D771.209
科图分类:
主题词: 民主--min zhu--研究--美国
电子资源:
ISBN: 978-7-5699-2244-8
000 01426nam0 2200289 45
001 012001009214
005 20191029094703.85
010    @a978-7-5699-2244-8@dCNY60.00
099    @aCAL 012018140218
100    @a20180926d2018 em y0chiy50 ea
101 1  @achi@cfre
102    @aCN@b110000
105    @ay a 000yy
106    @ar
200 1  @a论美国的民主@Alun mei guo de min zhu@d= Democracy in America@h下@f(法) 托克维尔著@g江菲菲译@zeng@F( Fa) Tuo Ke Wei Er Zhu@PFTKWEZ
210    @a北京@c北京时代华文书局@d2018
215    @a369页@d21cm
314    @a托克维尔 (Alexis de Tocqueville, 1805-1859), 法国著名历史学家、社会学家。江菲菲, 北京外国语大学硕士, 主修英语, 兼修法语。
320    @a有书目
330    @a《论美国的民主》是法国著名思想家托克维尔的代表作。本书不只是泛泛地介绍美国的政治制度, 还从社会学角度, 分析美国民主的成因和发展, 阐述了作者的政治哲学和政治社会学思想。本书涵盖面极广, 相当于一部关于美国的小百科全书, 论述内容包括美国地理环境、种族状况、移民对北美的影响、美国联邦制的优缺点以及与其他国家制度的比较等, 还分析了美国人的民族性格、哲学观念、宗教思想、文学艺术, 是一部不可多得的社会学著作。
510 1  @aDemocracy in America@zeng
606 0  @a民主@Amin zhu@x研究@y美国
690    @aD771.209@v5
701  1 @a托克维尔@Atuo ke wei er@g(Tocqueville, Alexis de),@f1805-1859@4著
702  0 @a江菲菲@AJiang Feifei@4译
801  0 @aCN@b上海新华@c20191020
905    @b1187344-6@dD771.209@e461:2@f3
    
    论美国的民主= Democracy in America.下/(法) 托克维尔著/江菲菲译.-北京:北京时代华文书局,2018
    369页;21cm
    
    
    ISBN 978-7-5699-2244-8:CNY60.00
    《论美国的民主》是法国著名思想家托克维尔的代表作。本书不只是泛泛地介绍美国的政治制度, 还从社会学角度, 分析美国民主的成因和发展, 阐述了作者的政治哲学和政治社会学思想。本书涵盖面极广, 相当于一部关于美国的小百科全书, 论述内容包括美国地理环境、种族状况、移民对北美的影响、美国联邦制的优缺点以及与其他国家制度的比较等, 还分析了美国人的民族性格、哲学观念、宗教思想、文学艺术, 是一部不可多得的社会学著作。
●
相关链接 在E读中查询图书 在五车中查询图书 在当当中查询图书 在豆瓣中查询图书


正题名:论美国的民主     索取号:D771.209/461:2         预约/预借

序号 登录号 条形码 馆藏地/架位号 状态 备注
1 1187344   211873445   第一样本阅览室/ [索取号:D771.209/461:2] 在馆    
2 1187345   211873454   第一借阅区/ [索取号:D771.209/461:2] 在馆    
3 1187346   211873463   第一借阅区/ [索取号:D771.209/461:2] 在馆    
唐山师范学院图书馆 欢迎您!
大连网信软件有限公司© 版权所有